El deterioro y el desarrollo portuario
Gespeichert in:
| 1. Verfasser: | |
|---|---|
| Format: | Buch |
| Sprache: | Spanisch Englisch |
| Veröffentlicht: |
Valparaíso
Universidad Católica de Valparaíso
1980
|
| Schlagworte: | |
| Tags: |
Tag hinzufügen
Keine Tags, Fügen Sie den ersten Tag hinzu!
|
MARC
| LEADER | 00000nam a2200000 a 4500 | ||
|---|---|---|---|
| 001 | UCL5840 | ||
| 003 | CL-VaPUC | ||
| 008 | 040319e19800000CL |||||||||||||||||spa|d | ||
| 041 | 0 | 7 | |a spa |2 CL-VaPUC |
| 041 | 0 | 7 | |a eng |2 CL-VaPUC |
| 082 | 0 | 4 | |a 627.3 |b OLC |2 21 |
| 100 | |a Olcott, Edward S. |e autor |9 483539 | ||
| 245 | 1 | 3 | |a El deterioro y el desarrollo portuario |
| 300 | |a pág. irreg | ||
| 942 | |c BK | ||
| 945 | |d 20040319 00:00:00 |a cmena | ||
| 260 | |a Valparaíso |b Universidad Católica de Valparaíso |c 1980 | ||
| 500 | |a Traducido de: Port decay and port development, Artículo de: Traffic Quarterly, vol. 33, N§4, october 1979, pp. 489-500 | ||
| 500 | |a Se incluye artícuco original | ||
| 650 | 0 | |a Puertos |9 260105 | |
| 650 | 7 | |a TRAFICO PORTUARIO |2 CL-VaPUC |9 483540 | |
| 583 | |a last modification |c 20040319 00:00:00 |k Rodrigo Vera | ||
| 999 | |c 308224 |d 308222 | ||
| 952 | |0 0 |1 0 |4 0 |6 627_300000000000000_OLC_1980 |7 0 |8 A |9 374562 |a BIBING |b BIBING |d 2019-11-21 |i 1685910 |o 627.3 OLC 1980 |p 1685910 |r 2025-01-20 |w 2019-11-21 |y BK |k TRA | ||